Introduction to modeling and simulation of technical and physical systems with Modelica

Modelica, the new object-based software/hardware modeling language that is quickly gaining popularity around the world, offers an almost universal approach to high-level computational modeling and simulation. It handles a broad range of application domains, for example mechanics, electrical systems,...

Full beskrivning

Sparad:
Bibliografiska uppgifter
Huvudupphovsman: Fritzson, Peter A.
Materialtyp: Bok
Språk:Undetermined
Publicerad: Hoboken, N.J Wiley 2011
Ämnen:
Taggar: Lägg till en tagg
Inga taggar, Lägg till första taggen!
Thư viện lưu trữ: Trung tâm Học liệu Trường Đại học Cần Thơ
LEADER 01497nam a2200229Ia 4500
001 CTU_237020
008 210402s9999 xx 000 0 und d
082 |a 003.3 
082 |b F919 
100 |a Fritzson, Peter A. 
245 0 |a Introduction to modeling and simulation of technical and physical systems with Modelica 
245 0 |c Peter Fritzson. 
260 |a Hoboken, N.J 
260 |b Wiley 
260 |c 2011 
520 |a Modelica, the new object-based software/hardware modeling language that is quickly gaining popularity around the world, offers an almost universal approach to high-level computational modeling and simulation. It handles a broad range of application domains, for example mechanics, electrical systems, control, and thermodynamics, and facilitates general notation as well as powerful abstractions and efficient implementations. Using the versatile Modelica language and its associated technology, this text presents an object-oriented, component-based approach that makes it possible for readers to quickly master the basics of computer-supported equation-based object-oriented (EOO) mathematical modeling and simulation. 
526 |a Mô phỏng linh kiện bán dẫn 
526 |b TN928 
650 |a Computer simulation,Systems engineering,Mô phỏng bằng máy tính,Kỹ thuật hệ thống 
650 |x Data processing.,Xử lý dữ liệu 
910 |a Tuyến 
980 |a Trung tâm Học liệu Trường Đại học Cần Thơ